El veneciano aventurero (Record no. 78153)

MARC details
000 -LEADER
campo de control de longitud fija 00705nam a2200193 i 4500
001 - NÚMERO DE CONTROL
campo de control 78153
003 - IDENTIFICADOR DE NÚMERO DE CONTROL
campo de control ES-MaACL
005 - FECHA Y HORA DE LA ÚLTIMA TRANSACCIÓN
campo de control 20250728141235.0
007 - CAMPO FIJO DE DESCRIPCIÓN FÍSICA--INFORMACIÓN GENERAL
campo de control de longitud fija t|
008 - DATOS DE LONGITUD FIJA--INFORMACIÓN GENERAL
campo de control de longitud fija 041011s1944 ag ||||1| spa d
100 1# - ENTRADA PRINCIPAL--NOMBRE DE PERSONA
Nombre de persona Hart, Henry.
9 (RLIN) 61962
245 13 - MENCIÓN DEL TÍTULO
Título El veneciano aventurero
Resto del título : descripción de la vida, tiempos y obra de Messeu Marco Polo /
Mención de responsabilidad, etc. por Henry Hart ; [traducción del inglés por Ignacio Covarrubias].
260 ## - PUBLICACIÓN, DISTRIBUCIÓN, ETC.
Lugar de publicación, distribución, etc. Buenos Aires :
Nombre del editor, distribuidor, etc. Hachette,
Fecha de publicación, distribución, etc. [1944] (
Fabricante Compañía Impresora Argentina)
300 ## - DESCRIPCIÓN FÍSICA
Extensión X, 251 p., 2 lám. ;
Dimensiones 24 cm.
600 14 - PUNTO DE ACCESO ADICIONAL DE MATERIA--NOMBRE DE PERSONA
Nombre de persona Polo, Marco,
Fechas asociadas al nombre 1254-1324
9 (RLIN) 92864
700 1# - ENTRADA AGREGADA--NOMBRE PERSONAL
Nombre de persona Covarrubias, Ignacio.
9 (RLIN) 41349
852 ## - LOCALIZACIÓN
Ubicación ES-MaACL
Número de control de estantería B-10546
Sublocalización o colección R.21908
Holdings
Estatus retirado Estado de pérdida Estado de daño No para préstamo Biblioteca de origen Biblioteca actual Ubicación en estantería Fecha de adquisición Fuente de adquisición Total de préstamos Signatura topográfica completa Código de barras Visto por última vez Precio de reemplazo Tipo de ítem Koha
        Biblioteca del Ateneo de Madrid Biblioteca del Ateneo de Madrid Sala Pardo Bazán 17/01/2008     B-10546 1081756 23/02/2023 23/02/2023 Libro impreso